The kingship of Christ: the story of the World Council of Churches

Guardado en:
Detalles Bibliográficos
Autor principal: Bell, George K. A (Autor)
Formato: Libro
Lenguaje:inglés
Publicado: Harmondsworth Penguin Books 1954
Edición:1a. ed
Materias:
Etiquetas: Agregar Etiqueta
Sin Etiquetas, Sea el primero en etiquetar este registro!

MARC

LEADER 00000nam a2200000 a 4500
001 UCH8899
003 CL-VaPUC
008 091217e19540000uk |||||||||||||||||eng|d
082 0 4 |a 280  |b BEL  |2 21 
100 0 |a Bell, George K. A  |e author  |9 545635 
245 1 4 |a The kingship of Christ: the story of the World Council of Churches 
250 |a 1a. ed 
300 |a 181 p 
942 |c BK 
945 |d 20091217 00:00:00  |a rbrito 
260 |a Harmondsworth  |b Penguin Books  |c 1954 
650 0 |a Ecumenismo  |9 255639 
583 |a last modification  |c 20171204 02:09:01  |k Rodrigo Vera 
999 |c 338980  |d 338978 
952 |0 0  |1 0  |4 0  |6 280_000000000000000_BEL_1954  |7 0  |8 A  |9 432296  |a BIBTEO  |b BIBTEO  |d 2019-11-22  |i 4611586  |o 280 BEL 1954  |p 4611586  |r 2025-01-17  |w 2019-11-22  |y BK  |k ICR